Tự học nghề tiểu thủ công ứng dụng trong đời sống

Saved in:
Bibliographic Details
Main Author: Phạm Văn Lợi
Format: Book
Language:Undetermined
Published: Tây Ninh Sở văn hóa thông tin Tây Ninh 1986
Subjects:
Tags: Add Tag
No Tags, Be the first to tag this record!
Institutions: Trung tâm Học liệu Trường Đại học Cần Thơ
LEADER 00606nam a2200181Ia 4500
001 CTU_23441
008 210402s9999 xx 000 0 und d
082 |a 661 
082 |b L462 
100 |a Phạm Văn Lợi 
245 0 |a Tự học nghề tiểu thủ công ứng dụng trong đời sống 
245 0 |c Phạm Văn Lợi 
260 |a Tây Ninh 
260 |b Sở văn hóa thông tin Tây Ninh 
260 |c 1986 
650 |a chemical industry - cookery bread,cottage - industries 
904 |i Sáng, 980421 
980 |a Trung tâm Học liệu Trường Đại học Cần Thơ